00382 2200157 4500001002100000005001500021035002000036245003600056100001400092300003000106260003200136082000800168084001400176020002200190990001200212INLIS00000000000317920251127095342 a0010-11250000401 aDia Adalah Kakakku /cTere Liye0 aTere Liye a398 hlm ;c13,5 x 20,5 cm aJakarta :bRepublika,c2018 a813 a813 TER d a978-602-5734-37-3 a0754565